Semiconductor circuit approximations : (Record no. 182381)

000 -LEADER
fixed length control field 01168 a2200217 4500
003 - CONTROL NUMBER IDENTIFIER
control field Nust
005 - DATE AND TIME OF LATEST TRANSACTION
control field 20221202123546.0
010 ## - LIBRARY OF CONGRESS CONTROL NUMBER
LC control number 84025036
020 ## - INTERNATIONAL STANDARD BOOK NUMBER
International Standard Book Number 0070398984
040 ## - CATALOGING SOURCE
Transcribing agency Nust
082 00 - DEWEY DECIMAL CLASSIFICATION NUMBER
Classification number 621.38153,MAL
100 1# - MAIN ENTRY--PERSONAL NAME
Personal name Malvino, Albert Paul.
9 (RLIN) 56026
245 10 - TITLE STATEMENT
Title Semiconductor circuit approximations :
Remainder of title an introduction to transistors and integrated circuits /
Statement of responsibility, etc. Albert Paul Malvino.
250 ## - EDITION STATEMENT
Edition statement 4th ed.
260 ## - PUBLICATION, DISTRIBUTION, ETC.
Place of publication, distribution, etc. New York :
Name of publisher, distributor, etc. McGraw-Hill,
Date of publication, distribution, etc. c1985.
300 ## - PHYSICAL DESCRIPTION
Extent 441 p. :
Other physical details ill. ;
Dimensions 24 cm.
505 ## - FORMATTED CONTENTS NOTE
Formatted contents note Semiconductor Physic (Page-1), Rectifier Diodes (Page-18), Special Diodes(Page-49), Diodes Applications (Page-80), Bipolar Transistors (Page-109), Common-Emitter Approximations (Page-150), Common-Collector Approximations (Page-180), Common-Base Approximations (Page-207), Class A Power Amplifiers (Page-217), Other Power Amplifiers (Page-248), More Amplifiers Theory (Page-271), JFETS (Page-293), MOSFETS (Page-322), Thyristors (Page-339), Op-Amp Theory (Page-357), Op-Amp Negative Feedback (Page-381), Op-Amp Circuits (Page-400).
650 #0 - SUBJECT ADDED ENTRY--TOPICAL TERM
Topical term or geographic name entry element Telecommunication Engineering
700 1# - ADDED ENTRY--PERSONAL NAME
Personal name Malvino, Albert Paul.
9 (RLIN) 56026
942 ## - ADDED ENTRY ELEMENTS (KOHA)
Source of classification or shelving scheme
Koha item type Book
Holdings
Withdrawn status Lost status Source of classification or shelving scheme Damaged status Not for loan Permanent Location Current Location Shelving location Date acquired Full call number Barcode Date last seen Price effective from Koha item type Public note
          Military College of Signals (MCS) Military College of Signals (MCS) General Stacks 12/12/2016 621.38153,MAL MCS32638 12/08/2016 12/12/2016 Book Almirah No.34, Shelf No.2
© 2023 Central Library, National University of Sciences and Technology. All Rights Reserved.